Paolo Uccello
Gespeichert in:
| 1. Verfasser: | |
|---|---|
| Format: | Buch |
| Sprache: | Spanisch |
| Veröffentlicht: |
Buenos Aires
Codex
1965
|
| Schriftenreihe: | Pinacoteca de los Genios, 38
|
| Schlagworte: | |
| Tags: |
Tag hinzufügen
Keine Tags, Fügen Sie den ersten Tag hinzu!
|
MARC
| LEADER | 00000nam a2200000 a 4500 | ||
|---|---|---|---|
| 001 | UCM1834 | ||
| 003 | CL-VaPUC | ||
| 008 | 020412e19650000AG |||||||||||||||||spa|d | ||
| 082 | 0 | 4 | |a 759.03 |b BER |2 21 |
| 100 | 0 | |a Berti, Luciano |e author |9 468756 | |
| 245 | 1 | 0 | |a Paolo Uccello |
| 300 | |a 16 p | ||
| 942 | |c BK | ||
| 945 | |d 20020412 00:00:00 |a cmena | ||
| 260 | |a Buenos Aires |b Codex |c 1965 | ||
| 500 | |a Incluye: El juicio del siglo XX | ||
| 600 | 0 | 7 | |a UCCELLO, PAOLO |2 CL-VaPUC |9 363682 |
| 650 | 0 | |a Pintura italiana |9 265293 | |
| 650 | 0 | |a Obras ilustradas |9 265022 | |
| 650 | 7 | |a QUATROCENTO |2 CL-VaPUC |9 468757 | |
| 651 | 0 | |a Italia |9 254949 | |
| 583 | |a last modification |c 20020412 00:00:00 |k Rodrigo Vera | ||
| 490 | 0 | |a Pinacoteca de los Genios, 38 | |
| 999 | |c 300064 |d 300062 | ||
| 952 | |0 0 |1 0 |2 ddc |4 0 |6 759_030000000000000_BER_1965 |7 0 |8 A |9 357348 |a BIBART |b BIBART |d 2019-11-21 |i 3807738 |o 759.03 BER 1965 |p 3807738 |r 2025-03-13 |w 2019-11-21 |y BK |k ART | ||